000 00245nam a22001097a 4500
082 _a823
_bORI/G
100 _aORIENT LONGMAN
245 _aA GOOD DEED
260 _aHYDERABAD
_bORIENT LONGMAN
_c1992
650 _aPASSAGE LEAFLET
_zINDIA
942 _cBK
999 _c4183
_d4183